Quiz sur le film Harry Potter et le Prince de Sang-Mêlé - Statistiques

Statistiques générales
  • Ce quiz a été pris 52 fois
    41 depuis la dernière actualisation
  • Le résultat moyen est 10 sur 18
Statistiques - réponses
Information Réponse % Correct
Actrice (HG) Emma Watson
90%
Acteur (RW) Rupert Grint
90%
Année de sortie 2009
87%
Acteur (HP) Daniel Radcliffe
81%
Acteur (SR) Alan Rickman
71%
Titre original Harry Potter and the Half-Blood Prince
71%
Actrice (GW) Bonnie Wright
65%
Acteur (AD) Michael Gambon
65%
Acteur (DM) Tom Felton
61%
Réalisateur David Yates
55%
Distributeur Warner Bros
52%
Durée 153 minutes
39%
Acteur (HS) Jim Broadbent
32%
Scénariste Steve Kloves ( D'après le livre de JK Rowling)
32%
Producteur David Heyman et David Barron
29%
Musiques Nicholas Hooper
26%
Budget 250 000 000 $
16%
Entrée au box office (France) 6 023 87 entrées
10%
Aucun quiz correspondant
Distribution des résultats
% des personnes avec chaque résultat
Percentile par nombre de réponses
Votre historique - résultats
Vous n’avez pas pris ce quiz depuis la dernière actualisation